000 00403nam a2200121Ia 4500
008 160609s9999 xx 000 0 und d
100 _aKirschenbaum, Howard.
245 _aValues Clarification In Counseling And Psychotherapy
245 _cBy:Howard Kirschenbaum
260 _c2013
650 _xGUIDANCE & COUNSELING
856 _uhttp://file.ebook777.com/009/ValClaInCouAndPsyPraStrForIndAndGroSet.pdf
999 _c295938
_d295938